Educación democrática : primer año del Comercial
Gespeichert in:
| 1. Verfasser: | |
|---|---|
| Format: | Buch |
| Sprache: | Spanisch |
| Erschienen: |
Buenos Aires :
1972
|
| Ausgabe: | 10ª ed. |
| Katalog: | BNM: Suchergebnis im Bibliothekskatalog |
| Schulbuchspezifische Eigenschaften: |
|
| Schlagworte: | |
| Tags: |
Tag hinzufügen
Keine Tags, Fügen Sie den ersten Tag hinzu!
|
| Hinzugefügt zu: | 14.02.1994 |
| Geändert in: | 17.02.2022 |
MARC
| LEADER | 00000cam a22000004a 4500 | ||
|---|---|---|---|
| 003 | AR-BaBNM | ||
| 005 | 20220217210337.0 | ||
| 007 | ta | ||
| 008 | 940215s1972 ag a|||d |||||||||||spa|d | ||
| 035 | |a 000007239 | ||
| 040 | |a AR-BaBNM |b spa | ||
| 080 | |a 373.5 | ||
| 100 | 1 | |a Alexandre, Mario | |
| 245 | 1 | 0 | |a Educación democrática : |b primer año del Comercial / |c Mario Alexandre |
| 250 | |a 10ª ed. | ||
| 260 | |a Buenos Aires : |b Civismo, |c 1972 | ||
| 300 | |a 351 p. : |b il., gráfs., fot. | ||
| 500 | |a Desarrollo completo del programa vigente para el Primer Año del Ciclo Básico de los Colegios Nacionales, Escuelas Normales, Industriales y Liceos de Señoritas |a Con un apéndice que contiene el texto de la Constitución de la Nación Argentina | ||
| 650 | 4 | |a Educación cívica |9 7575 |a Democracia |9 7315 |a Educación secundaria |9 7637 |a Educación democrática. | |
| 655 | 4 | |a Libros de texto | |
| 942 | |2 udc |c LIBRO | ||
| 999 | |c 42871 |d 42871 | ||
| 999 | |c KOHA-OAI-TEST:42871 |d 42871 | ||